00330nam a22001457a 450000500170000000800410001702000180005804100080007608200120008410000170009624500180011326000250013130000080015665000200016420260408113549.0160627b xxu||||| |||| 00| 0 eng d a0-586-09093-2 aeng a823.912 aJoyce, James aThe Essential bHarper Collinsc1991 a623 aenglish fiction